Datum a čas kvízu
35
Celkem bodů
Celkový počet nahraných bodů na tomto kvízu bez doplňovacích otázek.
7.
Pořadí na kvízu
Konečné umístění týmu na tomto kvízu.
Zaznamenané odpovědi
| # | Otázka | Odpověď | Body | Výsledky |
|---|---|---|---|---|
| 1. | V pražském obchodním domě Máj... | (lidskou) kostru | 1 | |
| 2. | V pondělí jsme se dozvěděli o... | Starbucks | 0 | |
| 3. | Minulý týden jsme se dozvěděli... | o akvadukt | 0 | |
| 4. | Americká společnost Alphabet,... | Wiz | 0 | |
| 5. | Uveďte název zimního střediska... | Svatý Mořic/St. Moritz; paralelní obří slalom | 0.5 | |
| 6. | Podíváme se na temné stránky d... | Jan Želivský | 0 | |
| 7. | Doba pobělohorská znamenala zá... | Obnovené zřízení zemské | 1 | |
| 8. | První světová válka znamenala... | Zborov | 1 | |
| 9. | V období tzv. Protektorátu se... | František Fajtl | 1 | |
| 10. | Seřaďte tyto komunistické prez... | 1A 2B 3D 4C | 0 |